8051 Microcontroller (Record no. 33682)

MARC details
000 -LEADER
fixed length control field 00453nam a22001937a 4500
005 - DATE AND TIME OF LATEST TRANSACTION
control field 20230922195155.0
008 - FIXED-LENGTH DATA ELEMENTS--GENERAL INFORMATION
fixed length control field 230922b |||||||| |||| 00| 0 eng d
020 ## - INTERNATIONAL STANDARD BOOK NUMBER
ISBN 978933253576
082 ## - DEWEY DECIMAL CLASSIFICATION NUMBER
Classification number 004.165
Item number GHO-M
100 ## - MAIN ENTRY--AUTHOR
Author Name Ghoshal,Subrata
245 ## - TITLE STATEMENT
Title 8051 Microcontroller
250 ## - EDITION STATEMENT
Edition statement 2nd.ed.
260 ## - PUBLICATION, DISTRIBUTION, ETC.
Place of Publication India
Name of publisher, distributor, etc. PEARSON
Date of publication, distribution, etc. 2014
300 ## - PHYSICAL DESCRIPTION
Pages 502
500 ## - GENERAL NOTE
General note Include Index
650 ## - SUBJECT ADDED ENTRY--TOPICAL TERM
Subject / Department Computer
700 ## - ADDED ENTRY--PERSONAL NAME
Personal name Subrata Ghoshal
952 ## - LOCATION AND ITEM INFORMATION (KOHA)
-- 0
-- 0
Holdings
Lost status Damaged status Collection code Permanent Location Current Location Shelving Location Date acquired Full Call Number Accession No./Barcode Date last seen item type Koha item type
    Engineering Superior Information Resource Center (SIRC) Superior University- Gold Campus Superior Information Resource Center (SIRC) Superior University- Gold Campus Computer 09/22/2023 004.165 GHO-M 2014 20587 03/14/2024 BOOK BOOK

Powered by Koha